Quizzes
Events
Quiz Creation
Community
Videos
Private Events
Remove Ads
Sign In
Join for FREE
Feedback
Dark Mode
Quiz Categories
Sports
Geography
Music
Movies
Television
Just For Fun
Miscellaneous
History
Literature
Language
Science
Gaming
Entertainment
Religion
Holiday
For Kids
Quiz Lab
Recent
Popular Today
Quiz Kudos Today
Editor Picks
Curator Picks
Quizzes by...
Day
Popularity
Type
Ratings
Length
Year
Community
Subscriptions
Recent Discussions
Orange Saloon
Badges
Playlists
Quests
Create
Leaderboards
Showdown
Live 5
Trivia Bingo
Activity
Puzzle Library
Sporcle Events
Private Events
Virtual Trivia
Globe League
Become a Host
Pub Owners
SporcleCon
Opinionation
Our Games
Videos
Blog
Mobile Apps
Partnerships
Remove Ads and Go Orange
Feedback
Sports
Athletes
MLB
NBA
NHL
NFL
Soccer
Sports Teams
WWE
NCAA
Football
Premier League
Basketball
Baseball
Hockey
Golf
Tennis
Cricket
Rugby
Auto Racing
Olympics
World Cup
Sports
Athletes
MLB
NBA
NHL
NFL
Soccer
Sports Teams
WWE
NCAA
Football
Premier League
Basketball
Baseball
Hockey
Golf
Tennis
Cricket
Rugby
Auto Racing
Olympics
World Cup
Random Quiz
Search Sporcle
×
Quiz Lab
Quiz Lab
Sports
Quarterbacks
Type in answers that appear in a list
Type in answers that appear in a list
Classic
Best Score? Go Orange.
Hank Baskett Receptions Stats
Can you name the QB for all of Hank Baskett`s Receptions?
By
hankbaskett
5m
81 Questions
49 Plays
49 Plays
49 Plays
Comments
Comments
Give Quiz Kudos
Give Quiz Kudos
-
- Ratings
hide this ad
More Info
Replay
Link that replays current quiz
Next Quiz
Link to next quiz in quiz playlist
You Got
0%
They Got
Avg Score
84%
Avg Friend Score
Upgrade to see
Score Distribution
Jump to the score distribution portion of the page
Score
0/81
Timer
05:00
0
Plays Today
Date
Quarterback
% Correct
Sept 17, 2006 vs NYG
Donovan Mcnabb
93.9%
Sept 24, 2006 vs SF
Donovan Mcnabb
93.9%
Oct 2, 2006 vs GB
Donovan Mcnabb
93.9%
Oct 2 2006 vs GB
Donovan Mcnabb
93.9%
Oct 8, 2006 vs DAL
Donovan Mcnabb
93.9%
Oct 8, 2006 vs DAL
Donovan Mcnabb
93.9%
Oct 8, 2006 vs DAL
Donovan Mcnabb
93.9%
Oct 22, 2006 vs TB
Donovan Mcnabb
93.9%
Oct 22, 2006 vs TB
Donovan Mcnabb
93.9%
Sept 17, 2007 vs WSH
Donovan Mcnabb
93.9%
Sept 17, 2007 vs WSH
Donovan Mcnabb
93.9%
Oct 14, 2007 vs NYJ
Donovan Mcnabb
93.9%
Oct 21, 2007 vs CHI
Donovan Mcnabb
93.9%
Oct 21, 2007 vs CHI
Donovan Mcnabb
93.9%
Nov 4, 2007 vs DAL
Donovan Mcnabb
93.9%
Nov 4, 2007 vs DAL
Donovan Mcnabb
93.9%
Nov 4, 2007 vs DAL
Donovan Mcnabb
93.9%
Nov 11, 2007 vs WSH
Donovan Mcnabb
93.9%
Nov 11, 2007 vs WSH
Donovan Mcnabb
93.9%
Nov 11, 2007 vs WSH
Donovan Mcnabb
93.9%
Dec 16, 2007 vs DAL
Donovan Mcnabb
93.9%
Dec 23, 2007 vs NO
Donovan Mcnabb
93.9%
Dec 30, 2007 vs BUF
Donovan Mcnabb
93.9%
Dec 30, 2007 vs BUF
Donovan Mcnabb
93.9%
Jan 4, 2008 vs MIN
Donovan Mcnabb
93.9%
Jan 18, 2008 vs ARZ
Donovan Mcnabb
93.9%
Sept 7, 2008 vs STL
Donovan Mcnabb
93.9%
Date
Quarterback
% Correct
Sept 7, 2008 vs STL
Donovan Mcnabb
93.9%
Sept 15, 2008 vs DAL
Donovan Mcnabb
93.9%
Sept 15, 2008 vs DAL
Donovan Mcnabb
93.9%
Sept 21, 2008 vs PIT
Donovan Mcnabb
93.9%
Sept 21, 2008 vs PIT
Donovan Mcnabb
93.9%
Sept 21, 2008 vs PIT
Donovan Mcnabb
93.9%
Sept 21, 2008 vs PIT
Donovan Mcnabb
93.9%
Sept 21, 2008 vs PIT
Donovan Mcnabb
93.9%
Sept 21, 2008 vs PIT
Donovan Mcnabb
93.9%
Sept 21, 2008 vs PIT
Donovan Mcnabb
93.9%
Sept 28. 2008 vs CHI
Donovan Mcnabb
93.9%
Oct 12, 2008 vs SF
Donovan Mcnabb
93.9%
Oct 12, 2008 vs SF
Donovan Mcnabb
93.9%
Oct 12, 2008 vs SF
Donovan Mcnabb
93.9%
Oct 12, 2008 vs SF
Donovan Mcnabb
93.9%
Oct 26, 2008 vs ATL
Donovan Mcnabb
93.9%
Nov 2, 2008 vs SEA
Donovan Mcnabb
93.9%
Nov 9, 2008 vs NYG
Donovan Mcnabb
93.9%
Nov 16, 2008 vs CIN
Donovan Mcnabb
93.9%
Nov 16, 2008 vs CIN
Donovan Mcnabb
93.9%
Nov 23, 2008 vs BAL
Donovan Mcnabb
93.9%
Nov 27, 2008 vs ARZ
Donovan Mcnabb
93.9%
Nov 27, 2008 vs ARZ
Donovan Mcnabb
93.9%
Nov 27, 2008 vs ARZ
Donovan Mcnabb
93.9%
Nov 27, 2008 vs ARZ
Donovan Mcnabb
93.9%
Nov 27, 2008 vs ARZ
Donovan Mcnabb
93.9%
Dec 7, 2008 vs NYG
Donovan Mcnabb
93.9%
Date
Quarterback
% Correct
Dec 7, 2008 vs NYG
Donovan Mcnabb
93.9%
Dec 15, 2008 vs CLE
Donovan Mcnabb
93.9%
Dec 15, 2008 vs CLE
Donovan Mcnabb
93.9%
Dec 15, 2008 vs CLE
Donovan Mcnabb
93.9%
Sept 21, 2008 vs PIT
Kevin Kolb
79.6%
Sept 13, 2009 vs CAR
Kevin Kolb
79.6%
Oct 25, 2009 vs STL
Peyton Manning
75.5%
Jan 3, 2009 vs BUF
Peyton Manning
75.5%
Nov 26, 2006 vs IND
A.J. Feeley
61.2%
Dec 31, 2006 vs ATL
A.J. Feeley
61.2%
Dec 31, 2006 vs ATL
A.J. Feeley
61.2%
Dec 31, 2006 vs ATL
A.J. Feeley
61.2%
Dec 31, 2006 vs ATL
A.J. Feeley
61.2%
Dec 31, 2006 vs ATL
A.J. Feeley
61.2%
Dec 31, 2006 vs ATL
A.J. Feeley
61.2%
Dec 31, 2006 vs ATL
A.J. Feeley
61.2%
Nov 25, 2007 vs NE
A.J. Feeley
61.2%
Jan 7, 2006 vs NYG
Jeff Garcia
57.1%
Jan 13, 2006 vs NO
Jeff Garcia
57.1%
Nov 19, 2006 vs TEN
Jeff Garcia
57.1%
Nov 26, 2006 vs IND
Jeff Garcia
57.1%
Dec 4, 2006 vs CAR
Jeff Garcia
57.1%
Dec 17, 2006 vs NYG
Jeff Garcia
57.1%
Dec 17, 2006 vs NYG
Jeff Garcia
57.1%
Sept 26, 2010 vs DET
Brett Favre
42.9%
Dec 27, 2009 vs NYJ
Curtis Painter
34.7%
Dec 27, 2009 vs NYJ
Curtis Painter
34.7%
Quiz Playlist
Details
Report
Send in Message
Add To Playlist
More Info:
Hank Baskett has 81 career receptions (including playoffs). Can you name the QB`s that threw them
Classic:
Type in answers that appear in a list
Quiz Source
Last Updated: Feb 16, 2017
Quiz Scoreboard
CHALLENGE
Sign Up to Join the Scoreboard
Show All
Scores
Hide
Comments
May contain spoilers
Recently Published
Alphabetical 'K' Countries by Flag Minefield
by ylime102
Geography
3m
Pick 6: Fruits
by JohnFran
Miscellaneous
15s
Click the 1999 NBA Draft
by nibperrychub
Sports
2m
More to Explore
Quiz From the Vault
Featured Blog Post
15 Basketball Trivia Facts You Can Be March Mad About
hide this ad
You Might Also Like...
Tags
date
hank
length
Quarterbacks
reception
Today's Top Quizzes in Sports
Browse Sports
hide this ad
Today's Top Quizzes in Quarterbacks
Browse Quarterbacks
Top Contributed Quizzes in Sports
1
Don't Strike Out: 3000 Strikeouts
2
MLB 2 truths and a lie: Hall of Fame pitchers
3
MLB Players with Two .350 Batting Average Seasons
4
Last 10 Members of the 500 HR Club in Order
5
Criteria MLB: Left Handed Sluggers
6
One Time Final Four Teams
7
Millionaire: NBA Finals Edition
8
MLB Teams by First Game
9
Pitchers With Multiple No-Hitters
10
Pick 6: NFL Teams
Explore More
Trending Topics
Anime
Harry Potter
Marvel
Kpop
NBA
Disney
Crossword
WWE
NFL
Pokémon
Soccer
Country
Puzzle
Song
The Office
hide this ad
More By:
hankbaskett
Quiz
Plays
Rating
Category
Featured
Created
Hank Baskett Receptions
49
4.00
Sports
Apr 16, 2011
Can You Name All The Toy-Box Songs?
32
Music
Nov 16, 2010
Go to Creator's Profile
Score Distribution
Quiz Creator Spotlight
hankbaskett
Follow
Send a Message
Quizzes Created
-
Created Quiz Play Count
-
More By This Creator
Popular Quizzes Today
1
Find the US States - No Outlines Minefield
2
Countries of Asia Without Outlines Minefield
3
Pick 6: Fruits
4
Alphabetical 'K' Countries by Flag Minefield
5
The Countries of the World
6
Click the 1999 NBA Draft
7
Find the US States
8
Match the Book to the Film X
More Sports Quizzes
FA Cup Soccer History Bunker
Quiz Lab
Trending Quizzes
Pick 6: Harry Potter
Pick 6: Golfers
Pick 6: Movie Franchises
Pick 6: Foods
Pick 6: Landmarks
Recently Updated
Women's Final Four Teams by Year
bhenderson79
Presidents Quartet II
eogle
Anything But Clue(do)
eogle
Anything But Oceanian Capitals
eogle
Anything But 7
eogle
Anything But Thing
eogle
Word Ladder: February 29
pecheneg
Song Title Questions
pecheneg
Women's NCAA Tournament #1 Seeds
pecheneg
Celebrity Mug Shots
pecheneg
Trending Topics
Kpop
Harry Potter
NBA
Disney
Marvel
Crossword
Anime
NFL
Pokémon
Puzzle
Soccer
The Office
Country
Song
WWE
Your Account Isn't Verified!
In order to create a playlist on Sporcle, you need to verify the email address you used during registration. Go to your
Sporcle Settings
to finish the process.
Report this User
Report this user for behavior that violates our
Community Guidelines
.
Details:
Send Report
Go to the Sporcle.com Mobile Site →
Comments